Musical Cover Versions - Statistics

General Stats
  • This quiz has been taken 29 times
  • The average score is 7 of 15
Answer Stats
Hint Answer % Correct
Shocking Blue & Bananarama Venus
95%
Norman Greenbaum & Gareth Gates Spirit In The Sky
86%
Van Halen & Kriss Kross Jump
81%
Little Eva & Kylie Minogue Locomotion
81%
Don McLean & Madonna American Pie
76%
Elvis Presley & The Pet Shop Boys Always On My Mind
48%
Dusty Springfield & The Bay City Rollers I Only Want to Be With You
38%
Righteous Brothers & Cilla Black You've Lost That Loving Feeling
38%
Bananarama & Ace Of Base Cruel Summer
33%
Abba & Blancmange The Day Before You Came
24%
The Beatles & Shirley Bassey Something
19%
Sparks & British Whale This Town Ain't Big Enough For Both Of Us
19%
Frankie Laine & Barbara Dickson Answer Me
10%
The Chi-Lites & UB40 Homely Girl
10%
Donna Summer & Sophie Lawrence Loves Unkind
5%
No matching quizzes found
Score Distribution
Percent of People with Each Score
Percentile by Number Answered
Your Score History
You have not taken this quiz